Fundamentos psicológicos del desarrollo humano

Uloženo v:
Podrobná bibliografie
Hlavní autor: Castillo Gatica, Héctor René (Autor)
Médium: Kniha
Jazyk:španělština
Vydáno: Antofagasta Universidad de Antofagasta 1990
Témata:
Tagy: Přidat tag
Žádné tagy, Buďte první, kdo vytvoří štítek k tomuto záznamu!

MARC

LEADER 00000nam a2200000 a 4500
001 UCZ6977
003 CL-VaPUC
008 951222e19900000CL |||||||||||||||||spa|d
082 0 4 |a 155.7  |b CAS  |2 21 
100 |a Castillo Gatica, Héctor René  |e author  |9 351630 
245 1 0 |a Fundamentos psicológicos del desarrollo humano 
300 |a 203 p 
942 |c BK 
945 |d 19951222 00:00:00  |a rleighto 
260 |a Antofagasta  |b Universidad de Antofagasta  |c 1990 
650 0 |a Psicología del desarrollo  |9 307541 
650 0 |a Comportamiento   |9 308406 
650 7 |a GRUPOS DE EDAD  |2 CL-VaPUC  |9 335033 
650 0 |a Psicología del niño  |9 307305 
650 0 |a Psicología del adolescente   |9 307864 
650 7 |a PSICOLOGIA DE LOS ADULTOS  |2 CL-VaPUC  |9 334763 
650 0 |a Personalidad   |9 307255 
583 |a last modification  |c 20130101 09:26:00  |k Rodrigo Vera 
999 |c 243112  |d 243110 
952 |0 0  |1 0  |4 0  |6 155_700000000000000_CAS_1990  |7 0  |8 A  |9 256546  |a BIBGIM  |b BIBGIM  |d 2019-11-19  |i 3158586  |o 155.7 CAS 1990  |p 3158586  |r 2025-01-15  |w 2019-11-19  |y BK  |k SSL